000 00495nam a2200181 4500
001 117788
003 ES-MaACL
005 20230906190953.0
007 t|
008 070214s1969 sp r ||||1| spa d
100 1 _aPereira, Antonio.
_990463
245 1 3 _aUn sitio para Soledad /
_cAntonio Pereira.
250 _a1ª. ed.
260 _aBarcelona :
_bPlaza & Janés,
_c1969.
300 _a286 p. ;
_c19 cm.
852 _aES-MaACL
_jC-40203
_bR.72094
852 _aES-MaACL
_jC-40204
_bR.72073
999 _c117788
_d117788